| 000 | 01569cam a22004095a 4500 | ||
|---|---|---|---|
| 001 | 13592104 | ||
| 003 | OSt | ||
| 005 | 20140310181638.0 | ||
| 008 | 040513s2003 nyua b 001 0 eng d | ||
| 010 | _a 2004272693 | ||
| 020 | _a0439280389 | ||
| 035 | _a(OCoLC)ocm51480866 | ||
| 040 |
_aXSN _cXSN _dUV$ _dOCLCQ _dDLC |
||
| 042 | _alccopycat | ||
| 050 | 0 | 0 |
_aLB 1576 _b.C967 2005 |
| 082 |
_aTRE 372.62 _bC91 2005 |
||
| 100 | 1 |
_aCulham, Ruth. _92192 |
|
| 245 | 1 | 0 |
_a6 + 1 traits of writing : _bthe complete guide grades 3 and up / _cby Ruth Culham. |
| 246 | 3 | _a6+1 traits of writing | |
| 246 | 3 | _aSix + one traits of writing | |
| 246 | 3 | _aSix plus one traits of writing | |
| 260 |
_aNew York : _bScholastic Professional Books, _cc2003. |
||
| 300 |
_a304 p. : _bill. ; _c24 cm. |
||
| 490 | 1 | _aTheory and practice | |
| 521 | _aFaculty | ||
| 541 | _j1 | ||
| 562 | _eIn circulation. One copy available in the collection | ||
| 650 | 0 |
_aLanguage arts (Elementary) _9283 |
|
| 650 | 0 |
_aEnglish language _xComposition and exercises. _92204 |
|
| 830 | 0 |
_aTheory and practice (New York, N.Y.) _91970 |
|
| 856 | 4 | 2 |
_3Book review (Education Review) _uhttp://edrev.asu.edu/reviews/rev260.htm |
| 856 | 4 | 2 |
_3Publisher description _uhttp://www.loc.gov/catdir/enhancements/fy1106/2004272693-d.html |
| 856 | 4 | 2 |
_3Contributor biographical information _uhttp://www.loc.gov/catdir/enhancements/fy1106/2004272693-b.html |
| 906 |
_a7 _bcbc _ccopycat _d2 _encip _f20 _gy-gencatlg |
||
| 942 |
_2lcc _cBK-TR _kTR |
||
| 999 |
_c743 _d743 |
||